| 000 | 00839cam a2200205 4500 | ||
|---|---|---|---|
| 001 | WB3727-35 | ||
| 008 | 000000n2001 000 0 eng u | ||
| 035 | _a(Sirsi) u113553 | ||
| 245 | _aAgricultural land values | ||
| 260 | _c2001 | ||
| 490 |
_aFinancial Times _v6 July 2001, 20(1) |
||
| 520 | _aConsiders the future of, and prime drivers behind, agricultural land values. Current data indicates that farmland values have held up remarkably well, despite the effects of foot-and-mouth and mad cow disease, and the winter floods. Suggests that wealthy urbanites' desire for country farm retreats will ensure that the value of farmland contines to rise. Graph. | ||
| 590 | _aWB | ||
| 650 | _aFARMLAND VALUES | ||
| 650 | _aFPD SAVILLS | ||
| 650 | _aFARM INCOMES | ||
| 650 | _aFORECASTS | ||
| 690 | _aRURAL-MARKET | ||
| 942 | _n0 | ||
| 999 |
_c67645 _d67645 |
||